| 000 | 01062 a2200265 4500 | ||
|---|---|---|---|
| 005 | 20240305165409.0 | ||
| 007 | cr|||| |||| | ||
| 008 | 130327e2009 ck |||||s|||| 00||0 spa d | ||
| 020 | _a978-958-648-616-3 | ||
| 035 | _a7665 | ||
| 040 | _avLex | ||
| 090 |
_c4043 _d4043 |
||
| 100 | 1 | 0 | _aRincón Soto, Carlos Augusto |
| 245 | 1 | 0 |
_aCostos, decisiones empresariales _c/ Carlos Augusto Rincón Soto, Fernando Villarreal Vásquez _h[Recurso electrónico] |
| 256 | _aServicio en línea | ||
| 260 |
_aBogotá : _bECOE, _c2009 |
||
| 300 | _a1 Recurso electrónico | ||
| 506 |
_dvLex Global _dvLex Global (Academic Edition, excluding Law Schools) _dvLex Global (U.S. Academic Edition, Law Schools) _dvLex Global (U.S. Academic Edition, excluding Law Schools) _dvLex Global (Academic Edition, Law Schools) |
||
| 650 | 0 | 4 | _aAdministración (Management) |
| 650 | 0 | 4 | _aContabilidad |
| 700 | 1 | 0 | _aVillarreal Vásquez, Fernando |
| 740 | _avLex Libros (Servicio en línea) | ||
| 856 |
_aAcceso restringido _uhttp://www.vlex.com/source/7665 |
||
| 942 | _cRAA | ||
| 999 |
_c162414 _d162414 |
||